000 00831nmm a2200265 a 4500
001 ocm000702390
003 TR-IsHL
005 20201028131639.0
008 131028s1972 tu tur
007 cr cn
035 _a702390
_b(N$T)
050 0 4 _aKKX62
_b.B57 1972
090 0 4 _aKKX62
_b.B57 1972
245 1 0 _aBirinci Türk hukuk kongresi tutanağı , 23 - 25 Nisan 1972, Ankara
_h[electronic resource]
260 _aAnkara :
_bTürkiye Barolar Birliği,
_c1972
300 _a171 p.
650 4 _aHukuk
650 4 _aLaw
650 0 _aHukuk
_x Türkiye
_x Kongreler
650 0 _aLaw
_x Turkey
_x Congresses
650 0 _aHukuk
_x Türkiye
650 0 _aLaw
_x Turkey
650 7 _aLAW / General
_2bisacsh
856 4 0 _uhttp://search.ebscohost.com/login.aspx?direct=true&scope=site&db=e011xww&AN=702390
999 _c4675
_d4675